LDR 01065naa#a2200205#i#450# 001 RU\\bibl\110046 005 20260418222229.6 011 ## _a1994-4683 100 ## _a20240531b2024####ek#y0rusy0150####ca 102 ## _aRU 200 1# _aОсобенности формирования ситуационного восприятия и игрового мышления юных хоккеистов _eЖурнальная статья 210 1# _aМосква _cНациональный государственный Университет физической культуры, спорта и здоровья им. П.Ф. Лесгафта _d2024 215 ## _a4 с. 608 ## _aЖурнальная статья _2local 675 ## _aХоккей на льду с шайбой. 796.966 _z 700 #1 _aКозин _gВадим Витальевич 700 #1 _aТочицкий _gАндрей Валерьянович 700 #1 _aЦарьков _gАнатолий Михайлович 700 #1 _aРоманов _gМихаил Иванович 856 4# _auchzapiski.lesgaft.spb.ru _u